Online Catalogue and eLibrary

An x-ray of the Sri Lankan policing system & torture of the poor : (Record no. 550)

MARC details
000 -LEADER
fixed length control field 00621cam a2200205 a 4500
001 - CONTROL NUMBER
control field 14204942
005 - DATE AND TIME OF LATEST TRANSACTION
control field 20240416053421.0
008 - FIXED-LENGTH DATA ELEMENTS--GENERAL INFORMATION
fixed length control field 051220s2005 cc a 000 0 eng
020 ## - INTERNATIONAL STANDARD BOOK NUMBER
ISBN 9628314254
040 ## - CATALOGING SOURCE (பட்டியலாக்க மூலம்)
Original cataloging agency DLC
Transcribing agency DLC
Modifying agency DLC
082 ## - DDC Classification
DDC Edition Number 22
Class No. 323.4
Item Number - Author Mark SRI.
245 03 - TITLE STATEMENT
Title An x-ray of the Sri Lankan policing system & torture of the poor :
Statement of responsibility, etc. Basil Fernando, Shyamali Puvimanasinghe.
260 ## - PUBLICATION, DISTRIBUTION, ETC.
Place of publication, distribution, etc. Hong Kong :
Name of publisher, distributor, etc. Asian Human Rights Commission,
Date of publication, distribution, etc. 2005.
300 ## - PHYSICAL DESCRIPTION
Extent (e.g. Volumes, Pages etc.) 321 p. :
650 #0 - SUBJECT ADDED ENTRY--TOPICAL TERM
Topical term or geographic name entry element Police brutality
650 #0 - SUBJECT ADDED ENTRY--TOPICAL TERM
Topical term or geographic name entry element Torture
700 1# - ADDED ENTRY--PERSONAL NAME
Personal name Fernando, Basil.
Relator term (Role) Editor
700 1# - ADDED ENTRY--PERSONAL NAME
Personal name Puvimanasinghe, Shyamali.
Relator term (Role) Editor
942 ## - Koha item type (Biblio)
Koha item type Books in Stacks (Lending)
Holdings
Lost status Damaged status Collection code Home library Current library Date acquired Full call number Accession Number Item type
    Lending WERC Library WERC Library 03/07/2024 323.4 SRI. 6059 Books in Stacks (Lending)

© WERC Library